000 00864nam a2200265Ia 4500
003 OSt
005 20221005030942.0
006 a|||||r|||| 00| 0
007 ta
008 221004b |||||||| |||| 00| 0 eng d
020 _a9780262050920 (hbk)
_c3177.84
024 _a96842
037 _b123, 12/12/2008, Sethi Book House
_cTextual
040 _aCRL
_cCRL
_beng
041 _2eng
_aeng
082 _aV1:19(KZ332).P1, P8
100 _aEpstein Charlotte
_9251506
245 0 _aPower of words in international relation
_b Birth of an anti whaling discourse
260 _aCambridge
_bMIT Press
_c2008
300 _axii,333p.
_ccm.
490 _aPolitics,science,and the environment
650 _aHISTORY
942 _hV1:19(KZ332).P1, P8
_cTEXL
_2cc
999 _c936994
_d936994